Une lettre suffit pour répondre juste #59 (attention 10 lettres tuent) - Statistiques

Statistiques générales
  • Ce quiz a été pris 58 fois
  • Le résultat moyen est 3 sur 6
Statistiques - réponses
Hint Réponse % Correct
Donne une des 5 lettres du pays traduit en anglais (qui fait une lettre de moins qu'en français) qui correspond à cette armoirie : EGYPT
98%
Donne une des 4 lettres qui complète le nom du duo d'humoristes français composé de Grégoire Ludig et David Marsais (qui en extrait parodie le monde de la télévision) : Le Palma_ _ _ _
SHOW
92%
Donne une des 3 lettres qui complète le nom raccourci du club de Football Le Mans FC avant 2010 : Le _ _ _ 72 MUC (Le Mans Union Club 72)
61%
Donne une des 2 lettres qui désigne la voiture citadine en photo produite par le constructeur automobile français Citroën de 1986 à 1998 : Citroën _ _
AX
22%
Donne la dernière lettre du nom de famille de tous les présidents de la République de Bulgarie de 1990 à 2025 V
8%
Donne la dernière lettre des pays où vivent les Almatais, les Bichkékiens et les Tachkentois N (kazakhstaN, kirghizistaN, ouzbékistaN)
6%
Aucun quiz correspondant
Distribution des résultats
% des personnes avec chaque résultat
Percentile par nombre de réponses
Votre historique - résultats
Vous n’avez pas pris ce quiz